00242nam a22001217a 4500003000400000020001800004082001400022100002000036245002300056250000800079260002500087300000800112SGT a9780198082873 a005.7,WIC aWICKHAM HODLEY  aR FOR DATA SCIENCE a2ND aTOKYO, OREILLYc2023 a550